<?xml version="1.0" encoding="UTF-8"?><?xml-stylesheet type="text/xsl" href="static/style.xsl"?><OAI-PMH xmlns="http://www.openarchives.org/OAI/2.0/" xmlns:xsi="http://www.w3.org/2001/XMLSchema-instance" xsi:schemaLocation="http://www.openarchives.org/OAI/2.0/ http://www.openarchives.org/OAI/2.0/OAI-PMH.xsd"><responseDate>2026-04-29T15:03:59Z</responseDate><request verb="GetRecord" identifier="oai:repisalud.isciii.es:20.500.12105/25365" metadataPrefix="marc">https://repisalud.isciii.es/rest/oai/request</request><GetRecord><record><header><identifier>oai:repisalud.isciii.es:20.500.12105/25365</identifier><datestamp>2025-12-18T12:59:08Z</datestamp><setSpec>com_20.500.12105_2052</setSpec><setSpec>com_20.500.12105_2051</setSpec><setSpec>col_20.500.12105_19608</setSpec></header><metadata><record xmlns="http://www.loc.gov/MARC21/slim" xmlns:dcterms="http://purl.org/dc/terms/" xmlns:doc="http://www.lyncode.com/xoai" xmlns:xsi="http://www.w3.org/2001/XMLSchema-instance" xsi:schemaLocation="http://www.loc.gov/MARC21/slim http://www.loc.gov/standards/marcxml/schema/MARC21slim.xsd">
   <leader>00925njm 22002777a 4500</leader>
   <datafield ind2=" " ind1=" " tag="042">
      <subfield code="a">dc</subfield>
   </datafield>
   <datafield ind2=" " ind1=" " tag="720">
      <subfield code="a">Galan, Iñaki</subfield>
      <subfield code="e">author</subfield>
   </datafield>
   <datafield ind2=" " ind1=" " tag="720">
      <subfield code="a">Fontán, Julia</subfield>
      <subfield code="e">author</subfield>
   </datafield>
   <datafield ind2=" " ind1=" " tag="720">
      <subfield code="a">Ortiz Burgos, Cristina</subfield>
      <subfield code="e">author</subfield>
   </datafield>
   <datafield ind2=" " ind1=" " tag="720">
      <subfield code="a">Lopez-Cuadrado, Teresa</subfield>
      <subfield code="e">author</subfield>
   </datafield>
   <datafield ind2=" " ind1=" " tag="720">
      <subfield code="a">Tellez-Plaza, Maria</subfield>
      <subfield code="e">author</subfield>
   </datafield>
   <datafield ind2=" " ind1=" " tag="720">
      <subfield code="a">García-Esquinas, Esther</subfield>
      <subfield code="e">author</subfield>
   </datafield>
   <datafield ind2=" " ind1=" " tag="260">
      <subfield code="c">2024-11</subfield>
   </datafield>
   <datafield ind2=" " ind1=" " tag="520">
      <subfield code="a">Introduction: The impact of alcohol consumption on health, particularly in low quantities, remains controversial. Our objective was to assess the association between alcohol volume and heavy episodic drinking (HED) with all-cause mortality, while minimizing many of the known methodological issues. Methodology: This longitudinal study used data from the 2011-2012 National Health Survey and the 2014 European Health Survey in Spain. Data from 43,071 participants aged ≥ 15 years were linked to mortality records as of December 2021. Alcohol consumption categories were defined based on intake volume and frequency: never-drinkers, former drinkers, infrequent occasional drinkers (≤once/month), frequent occasional drinkers (&lt;once/week to > once /month). Regular drinkers (≥once/week) were further classified by volume: >0-10 g/day, >10-20 g/day, >20-40 g/day, and > 40 g/day. Heavy Episodic Drinking (HED) was defined as ≥ 6 and ≥ 5 standard drinks (10 g) within 4-6 h for men and women, respectively. Hazard ratios (HR) were calculated using Cox regression, adjusting for sociodemographic variables, lifestyle factors, health status, and alcohol volume or HED. Results: Compared to infrequent occasional drinkers, HRs for never-drinkers and former drinkers were 1.30 (95 %CI:1.14-1.47) and 1.32 (95 %CI:1.15-1.50), respectively. No differences in mortality risk were observed for intakes up to 20 g/day, but it increased for consumptions > 20-40 g/day and > 40 g/day (HR = 1.29; 95 %CI:1.05-1.58 and HR = 1.57; 95 %CI:1.14-2.17, respectively). The HR of weekly HED vs. never was 1.31 (95 %CI:0.98-1.75). Conclusions: Compared to infrequent occasional drinking, consuming low amounts of alcohol had no impact on mortality risk. However, never-drinkers, former drinkers, individuals with regular consumption > 20 g/day, and those engaging in weekly HED, experienced higher mortality risk.</subfield>
   </datafield>
   <datafield ind1="8" ind2=" " tag="024">
      <subfield code="a">Addict Behav. 2024 Nov:158:108108.</subfield>
   </datafield>
   <datafield ind1="8" ind2=" " tag="024">
      <subfield code="a">10.1016/j.addbeh.2024.108108</subfield>
   </datafield>
   <datafield ind1="8" ind2=" " tag="024">
      <subfield code="a">1873-6327</subfield>
   </datafield>
   <datafield ind1="8" ind2=" " tag="024">
      <subfield code="a">0306-4603</subfield>
   </datafield>
   <datafield ind1="8" ind2=" " tag="024">
      <subfield code="a">Addictive behaviors</subfield>
   </datafield>
   <datafield ind1="8" ind2=" " tag="024">
      <subfield code="a">39033565</subfield>
   </datafield>
   <datafield ind1="8" ind2=" " tag="024">
      <subfield code="a">https://hdl.handle.net/20.500.12105/25365</subfield>
   </datafield>
   <datafield tag="653" ind2=" " ind1=" ">
      <subfield code="a">Alcohol</subfield>
   </datafield>
   <datafield tag="653" ind2=" " ind1=" ">
      <subfield code="a">Cohort study</subfield>
   </datafield>
   <datafield tag="653" ind2=" " ind1=" ">
      <subfield code="a">Heavy episodic drinking</subfield>
   </datafield>
   <datafield tag="653" ind2=" " ind1=" ">
      <subfield code="a">Mortality</subfield>
   </datafield>
   <datafield tag="653" ind2=" " ind1=" ">
      <subfield code="a">Spain</subfield>
   </datafield>
   <datafield ind2="0" ind1="0" tag="245">
      <subfield code="a">Volume of alcohol intake, heavy episodic drinking, and all-cause mortality in Spain: A longitudinal population-based study</subfield>
   </datafield>
</record></metadata></record></GetRecord></OAI-PMH>